000 00496nam a2200181Ia 4500
005 20250326141750.0
008 250326s9999 xx 000 0 und d
037 _aTextbook
040 _aFMSL
_beng
_cFMSL
041 _aeng
_2eng
084 _qFMSL
100 _aKhanna Inderjit
245 0 _aLocation Schools : Analysis of computer model.
_cKhanna Inderjit; Rama Rao P P
260 _aAhmedabad
_bAhmedabad, I I M
_c1982
300 _a40p
942 _cTB
999 _c1291860
_d1291860